[Event "Bryansk Zilberstein Memorial 6th"]
[White "Olenin, Nikolay"]
[Black "Deminov, Ilya"]
[Site "Bryansk"]
[Round "6"]
[Result "1/2-1/2"]
[Date "2024.06.07"]
[WhiteElo "2306"]
[BlackElo "2068"]
[PlyCount "27"]
[EventDate "2024.06.07"]
[EventType "swiss (rapid)"]
[EventRounds "11"]
[EventCountry "RUS"]
[SourceTitle "CBM 220 Extra"]
[Source "ChessBase"]
[SourceDate "2024.07.31"]
[SourceVersion "1"]
[SourceVersionDate "2024.07.31"]
[SourceQuality "1"]

1. e4 c6 2. d4 d5 3. Nc3 dxe4 4. Nxe4 Nd7 5. Nf3 Ngf6 6. Ng3 e6 7. Bd3 Bd6 8. 0-0 0-0 9. Qe2 c5 10. c3 cxd4 11. Nxd4 a6 12. Ne4 Nxe4 13. Qxe4 Nf6 14. Qh4 1/2-1/2

[Event "RUS Central Region-chT"]
[White "Olenin, Nikolay"]
[Black "Ajrapetian, Gevorg"]
[Site "Lipetsk"]
[Round "4.2"]
[Result "1-0"]
[Date "2017.12.05"]
[WhiteElo "2346"]
[BlackElo "2421"]
[PlyCount "135"]
[EventDate "2017.12.03"]
[EventType "team-swiss"]
[EventRounds "7"]
[EventCountry "RUS"]
[SourceTitle "CBM 182 Extra"]
[Source "ChessBase"]
[SourceDate "2018.02.23"]
[SourceVersion "1"]
[SourceVersionDate "2018.02.23"]
[SourceQuality "1"]
[WhiteTeam "SDU SOR Region "]
[BlackTeam "Lipetsk EGU Region"]
[WhiteTeamCountry "RUS"]
[BlackTeamCountry "RUS"]

1. e4 c5 2. Nf3 e6 3. d4 cxd4 4. Nxd4 a6 5. Nc3 b5 6. Bd3 Qb6 7. Nb3 Qc7 8. f4 Bb7 9. Qf3 Nf6 10. Bd2 b4 11. Ne2 d5 12. e5 Ne4 13. Be3 Nd7 14. Ng3 Ndc5 15. Nxc5 Nxc5 16. Bd4 g6 17. 0-0 Be7 18. a3 bxa3 19. Rxa3 Nxd3 20. Rc3 Nc5 21. Qe3 Rc8 22. b4 Qd7 23. bxc5 Rg8 24. Ra1 Ra8 25. Rca3 Bd8 26. Ne2 Qc6 27. Nc3 Kf8 28. Na4 Kg7 29. Rb3 Ra7 30. Qf2 h5 31. Qd2 Re8 32. Rg3 Rh8 33. Rb3 Re8 34. Nb2 a5 35. Na4 Ra6 36. Nb6 Bxb6 37. cxb6 Rc8 38. Rc3 Qb5 39. f5 Rxc3 40. f6+ Kh7 41. Qxc3 Qb4 42. Qxb4 axb4 43. Rxa6 Bxa6 44. Kf2 g5 45. Ke3 Kg6 46. Bc5 Kf5 47. Kd4 b3 48. cxb3 h4 49. Bb4 Bb7 50. Bd2 g4 51. Be1 h3 52. gxh3 gxh3 53. Bg3 Kg4 54. Kc5 Kf3 55. Kd6 d4 56. Ke7 d3 57. Be1 Kg2 58. Kxf7 Kxh2 59. Kxe6 Kg2 60. f7 d2 61. Bxd2 h2 62. f8Q h1Q 63. Qh6 Bc8+ 64. Kd6 Qf1 65. Kc7 Bg4 66. b7 Qf7+ 67. Kb6 Qxb3+ 68. Ka7 1-0

[Event "Livny"]
[White "Olenin, Nikolay"]
[Black "Yagubi, Asif"]
[Site "Livny"]
[Round "9"]
[Result "1-0"]
[Date "2017.07.09"]
[WhiteElo "2347"]
[BlackElo "2379"]
[PlyCount "27"]
[EventDate "2017.07.01"]
[EventType "tourn"]
[EventRounds "9"]
[EventCountry "RUS"]
[EventCategory "6"]
[SourceTitle "EXT 2018"]
[Source "ChessBase"]
[SourceDate "2017.10.13"]
[SourceVersion "1"]
[SourceVersionDate "2017.10.13"]
[SourceQuality "1"]

1. d4 Nf6 2. Nf3 c5 3. d5 e6 4. Nc3 b5 5. Bg5 Qa5 6. Bxf6 gxf6 7. Nd2 b4 8. Nce4 f5 9. Nc4 Qa6 10. Nf6+ Ke7 11. e4 Kxf6 12. Qh5 d6 13. e5+ Ke7 14. Nxd6 1-0

[Event "Livny"]
[White "Domogaev, Sergey"]
[Black "Olenin, Nikolay"]
[Site "Livny"]
[Round "2"]
[Result "1-0"]
[Date "2017.07.02"]
[WhiteElo "2395"]
[BlackElo "2347"]
[PlyCount "69"]
[EventDate "2017.07.01"]
[EventType "tourn"]
[EventRounds "9"]
[EventCountry "RUS"]
[EventCategory "6"]
[SourceTitle "EXT 2018"]
[Source "ChessBase"]
[SourceDate "2017.10.13"]
[SourceVersion "1"]
[SourceVersionDate "2017.10.13"]
[SourceQuality "1"]

1. d4 Nf6 2. c4 e6 3. Nf3 b6 4. g3 Ba6 5. b3 d5 6. Bg2 dxc4 7. bxc4 Bxc4 8. Nc3 Bd5 9. 0-0 Be7 10. Qc2 0-0 11. e4 Bb7 12. Rd1 Nbd7 13. Bf4 c5 14. d5 exd5 15. e5 Nh5 16. Nxd5 Bxd5 17. Rxd5 Nxf4 18. gxf4 Qc7 19. Nd4 a6 20. Rd1 Ra7 21. Nf5 Nb8 22. Qc3 g6 23. Nh6+ Kg7 24. f5 f6 25. Ng4 h5 26. exf6+ Rxf6 27. Nxf6 Bxf6 28. Qf3 g5 29. Qxh5 Qf7 30. Qg4 Nc6 31. h4 Ne5 32. Qg3 Nd7 33. hxg5 Bd4 34. f6+ Kg8 35. Re1 1-0

[Event "Belgrade Trophy 28th"]
[White "Kislinsky, Alexey"]
[Black "Olenin, Nikolay"]
[Site "Belgrade"]
[Round "7"]
[Result "1-0"]
[Date "2014.11.30"]
[WhiteElo "2491"]
[BlackElo "2341"]
[PlyCount "61"]
[EventDate "2014.11.24"]
[EventType "swiss"]
[EventRounds "9"]
[EventCountry "SRB"]
[SourceTitle "CBM 163 Extra"]
[Source "ChessBase"]
[SourceDate "2014.12.23"]
[SourceVersion "1"]
[SourceVersionDate "2014.12.23"]
[SourceQuality "1"]

1. e4 c5 2. Nc3 Nc6 3. Bb5 Nd4 4. Nf3 g6 5. Bc4 Bg7 6. Nxd4 cxd4 7. Qf3 Nh6 8. Ne2 e6 9. c3 dxc3 10. dxc3 0-0 11. Bf4 f5 12. 0-0-0 Qa5 13. Bd6 fxe4 14. Qxe4 Rxf2 15. g4 Qg5+ 16. Bf4 Qxg4 17. Rhg1 Qf3 18. Qxf3 Rxf3 19. h4 Nf5 20. h5 d5 21. Rxd5 Rxf4 22. Rd8+ Kf7 23. Nxf4 Bh6 24. hxg6+ hxg6 25. Rg4 Ke7 26. Rh8 e5 27. Rh7+ Kf8 28. Rxg6 Bxf4+ 29. Kb1 Nh6 30. Rf6+ Ke8 31. Bb5+ 1-0

[Event "Belgrade Trophy 28th"]
[White "Olenin, Nikolay"]
[Black "Vulinovic, Radivoje"]
[Site "Belgrade"]
[Round "6"]
[Result "1-0"]
[Date "2014.11.29"]
[WhiteElo "2341"]
[BlackElo "2219"]
[PlyCount "32"]
[EventDate "2014.11.24"]
[EventType "swiss"]
[EventRounds "9"]
[EventCountry "SRB"]
[SourceTitle "CBM 163 Extra"]
[Source "ChessBase"]
[SourceDate "2014.12.23"]
[SourceVersion "1"]
[SourceVersionDate "2014.12.23"]
[SourceQuality "1"]

1. f4 d5 2. Nf3 g6 3. e3 Bg7 4. c4 Nf6 5. Nc3 0-0 6. d4 c5 7. dxc5 Qa5 8. cxd5 Nxd5 9. Qxd5 Bxc3+ 10. Kf2 Rd8 11. Qb3 Bf6 12. Bc4 e6 13. e4 Be7 14. Be3 Bxc5 15. Rad1 Bxe3+ 16. Qxe3 Nc6 1-0

[Event "Belgrade Trophy 28th"]
[White "Olenin, Nikolay"]
[Black "Nedeljkovic, Dragan"]
[Site "Belgrade"]
[Round "2"]
[Result "1/2-1/2"]
[Date "2014.11.25"]
[WhiteElo "2341"]
[BlackElo "2125"]
[PlyCount "52"]
[EventDate "2014.11.24"]
[EventType "swiss"]
[EventRounds "9"]
[EventCountry "SRB"]
[SourceTitle "CBM 163 Extra"]
[Source "ChessBase"]
[SourceDate "2014.12.23"]
[SourceVersion "1"]
[SourceVersionDate "2014.12.23"]
[SourceQuality "1"]

1. e4 c6 2. Nc3 d5 3. Nf3 Bg4 4. h3 Bxf3 5. Qxf3 e6 6. d3 d4 7. Ne2 Ne7 8. g4 Ng6 9. Qg3 Be7 10. g5 h6 11. gxh6 gxh6 12. Bd2 Bg5 13. 0-0-0 e5 14. Bg2 Nd7 15. Bf3 Bxd2+ 16. Rxd2 h5 17. Rdd1 Qf6 18. h4 0-0-0 19. Rdg1 Rdg8 20. Qh3 Nxh4 21. Rxg8+ Rxg8 22. Qxh4 Qxf3 23. Kd2 Rg2 24. Rh3 Qxf2 25. Qxf2 Rxf2 26. Ke1 Rg2 1/2-1/2

[Event "Belgrade Trophy 25th"]
[White "Olenin, Nikolay"]
[Black "Ernst, Sipke"]
[Site "Obrenovac"]
[Round "6"]
[Result "0-1"]
[Date "2011.11.29"]
[WhiteElo "2323"]
[BlackElo "2593"]
[PlyCount "62"]
[EventDate "2011.11.24"]
[EventType "swiss"]
[EventRounds "9"]
[EventCountry "YUG"]
[SourceTitle "CBM 145 Extra"]
[Source "ChessBase"]
[SourceDate "2012.01.03"]
[SourceVersion "1"]
[SourceVersionDate "2012.01.03"]
[SourceQuality "1"]

1. e4 e5 2. Nf3 Nc6 3. Bb5 a6 4. Bxc6 dxc6 5. 0-0 f6 6. d4 exd4 7. Nxd4 c5 8. Ne2 Qxd1 9. Rxd1 Bd7 10. Be3 0-0-0 11. Nbc3 Re8 12. Rd2 Bc6 13. Rad1 b6 14. Nd5 Ne7 15. Bf4 Bxd5 16. exd5 Nf5 17. Ng3 Bd6 18. Nxf5 Bxf4 19. Rd3 Re2 20. g3 g6 21. gxf4 gxf5 22. d6 Rxc2 23. dxc7 Rg8+ 24. Kf1 Rg7 25. Rd6 Rxb2 26. Rxf6 Rxc7 27. a4 c4 28. a5 c3 29. Rc1 b5 30. Rxa6 Kb7 31. Rf6 b4 0-1

[Event "Belgrade Trophy 25th"]
[White "Olenin, Nikolay"]
[Black "Cvetkovic, Srdjan"]
[Site "Obrenovac"]
[Round "4"]
[Result "1-0"]
[Date "2011.11.27"]
[WhiteElo "2323"]
[BlackElo "2395"]
[PlyCount "77"]
[EventDate "2011.11.24"]
[EventType "swiss"]
[EventRounds "9"]
[EventCountry "YUG"]
[SourceTitle "CBM 145 Extra"]
[Source "ChessBase"]
[SourceDate "2012.01.03"]
[SourceVersion "1"]
[SourceVersionDate "2012.01.03"]
[SourceQuality "1"]

1. e4 c5 2. Nf3 e6 3. d4 cxd4 4. Nxd4 a6 5. Nc3 Nc6 6. Be3 Nf6 7. Bd3 d5 8. 0-0 Nxd4 9. Bxd4 dxe4 10. Nxe4 Be7 11. c3 Bd7 12. Nxf6+ Bxf6 13. Be4 Qc7 14. Bxf6 gxf6 15. Qd4 e5 16. Qb4 0-0-0 17. Rfd1 Be6 18. c4 f5 19. Bd5 Bxd5 20. cxd5 Qd6 21. Qb3 Kb8 22. Rac1 Rc8 23. Rc3 Rhe8 24. Qc2 e4 25. g3 h5 26. Qd2 h4 27. Qg5 hxg3 28. hxg3 Rxc3 29. bxc3 Rc8 30. Qxf5 e3 31. Rd3 Re8 32. Rxe3 Rxe3 33. fxe3 Qxg3+ 34. Kf1 Qxe3 35. Qxf7 Qxc3 36. Qf8+ Ka7 37. d6 Qa1+ 38. Ke2 Qxa2+ 39. Ke3 1-0

[Event "RUS-chT2 16th"]
[White "Lushenkov, Mikhail M"]
[Black "Olenin, Nikolay"]
[Site "Dagomys"]
[Round "7"]
[Result "1-0"]
[Date "2009.04.08"]
[WhiteElo "2464"]
[BlackElo "2325"]
[PlyCount "73"]
[EventDate "2009.04.02"]
[EventType "tourn"]
[EventRounds "9"]
[EventCountry "RUS"]
[SourceTitle "CBM 129 Extra"]
[Source "ChessBase"]
[SourceDate "2009.05.05"]
[SourceVersion "2"]
[SourceVersionDate "2009.05.20"]
[SourceQuality "1"]

1. Nf3 g6 2. e4 c5 3. c4 Bg7 4. d4 cxd4 5. Nxd4 Nc6 6. Be3 Nf6 7. Nc3 d6 8. Be2 0-0 9. 0-0 Nxd4 10. Bxd4 Be6 11. Qd2 Qa5 12. Rfd1 Rfc8 13. b3 Nd7 14. Nd5 Qd8 15. Bxg7 Kxg7 16. Nf4 Nf6 17. Bf3 Qc7 18. e5 dxe5 19. Nxe6+ fxe6 20. Re1 a5 21. Qg5 a4 22. b4 e4 23. Bxe4 Qb6 24. Bd3 Qxb4 25. Rxe6 Rc7 26. Qe5 Rac8 27. a3 Qc5 28. Qxc5 Rxc5 29. Rxe7+ Kh6 30. Rxb7 Ng4 31. Rb5 Rxb5 32. cxb5 Ne5 33. Be2 Rc2 34. Kf1 Rb2 35. Rd1 Rb3 36. f4 Nf7 37. Bc4 1-0

[Event "CFO-chT"]
[White "Morozov, Vasiliy"]
[Black "Olenin, Nikolay"]
[Site "Elets"]
[Round "3"]
[Result "1/2-1/2"]
[Date "2008.12.18"]
[WhiteElo "2112"]
[BlackElo "2351"]
[PlyCount "89"]
[EventDate "2008.12.17"]
[EventType "team-tourn"]
[EventRounds "7"]
[EventCountry "RUS"]
[SourceTitle "EXT 2011"]
[Source "ChessBase"]
[SourceDate "2010.11.26"]
[SourceVersion "1"]
[SourceVersionDate "2010.11.26"]
[SourceQuality "1"]

1. e4 c5 2. Nf3 d6 3. d4 cxd4 4. Nxd4 Nf6 5. Nc3 Nc6 6. Bg5 Bd7 7. Qd2 Rc8 8. 0-0-0 Nxd4 9. Qxd4 Qa5 10. Bd2 a6 11. Kb1 Qc5 12. Qxc5 Rxc5 13. f3 h6 14. h4 e6 15. Bf4 Rc6 16. g4 Be7 17. Be2 Bc8 18. Be3 Nd7 19. f4 Nb6 20. Bd4 Rg8 21. g5 Nd7 22. Be3 hxg5 23. hxg5 b5 24. Bf3 Rc4 25. Be2 Rc7 26. a3 Bb7 27. Rh3 g6 28. Bd3 Nc5 29. Bd4 Nd7 30. Be3 Rc6 31. Re1 Bd8 32. Bd2 Nb6 33. b3 Nd7 34. Kb2 Bb6 35. Nd5 Bd4+ 36. c3 Bg7 37. f5 Ne5 38. Nb4 Rc5 39. f6 Bf8 40. Be3 Rc8 41. Bd4 Nxd3+ 42. Nxd3 e5 43. Bb6 Kd7 44. Rh4 Ke6 45. Ba5 1/2-1/2

[Event "RUS-chT2"]
[White "Sergienko, Sergey"]
[Black "Olenin, Nikolay"]
[Site "Sochi"]
[Round "1"]
[Result "1/2-1/2"]
[Date "2008.04.03"]
[WhiteElo "2449"]
[BlackElo "2353"]
[PlyCount "48"]
[EventDate "2008.04.03"]
[EventType "team-tourn"]
[EventRounds "9"]
[EventCountry "RUS"]
[SourceTitle "CBM 123 Extra"]
[Source "ChessBase"]
[SourceDate "2008.05.06"]
[SourceVersion "1"]
[SourceVersionDate "2008.05.06"]
[SourceQuality "1"]

1. d4 Nf6 2. c4 e6 3. Nc3 Bb4 4. Nf3 b6 5. Bg5 h6 6. Bh4 g5 7. Bg3 Ne4 8. Qc2 Bb7 9. e3 Bxc3+ 10. bxc3 d6 11. Bd3 f5 12. d5 Nd7 13. Nd4 Ndc5 14. f3 Nxd3+ 15. Qxd3 Nc5 16. Qc2 Qf6 17. dxe6 f4 18. exf4 gxf4 19. Bxf4 Qxf4 20. Qg6+ Kd8 21. 0-0 Qg5 22. Qf7 Qe7 23. Qh5 Qg5 24. Qf7 Qe7 1/2-1/2

[Event "Dnipropetrovsk Sinitsin Memorial"]
[White "Kovalenko, Igor"]
[Black "Olenin, Nikolay"]
[Site "Dnipropetrovsk"]
[Round "9"]
[Result "1-0"]
[Date "2007.04.??"]
[WhiteElo "2359"]
[BlackElo "2394"]
[PlyCount "125"]
[EventDate "2007.04.??"]
[EventType "tourn"]
[EventRounds "11"]
[EventCountry "UKR"]
[EventCategory "2"]
[SourceTitle "EXT 2010"]
[Source "ChessBase"]
[SourceDate "2010.11.25"]
[SourceVersion "1"]
[SourceVersionDate "2010.11.25"]
[SourceQuality "1"]

1. d4 Nf6 2. c4 e6 3. Nf3 b6 4. Nc3 Bb4 5. Bg5 h6 6. Bh4 Bb7 7. Nd2 Nc6 8. e3 Ne7 9. f3 Ng6 10. Bf2 0-0 11. Bd3 Bxc3 12. bxc3 d6 13. Qc2 Qe8 14. h4 e5 15. Kf1 d5 16. h5 e4 17. hxg6 exd3 18. gxf7+ Qxf7 19. Qxd3 dxc4 20. Qf5 Nd5 21. Qxf7+ Rxf7 22. Rc1 Re8 23. e4 Nf4 24. Rb1 Nd3 25. d5 Ba6 26. Bd4 c6 27. dxc6 Re6 28. g3 Rxc6 29. Ke2 Re6 30. Ke3 Ne5 31. Rh5 Nc6 32. Rc1 Ne7 33. Re5 Rg6 34. g4 Kf8 35. a4 Rd6 36. Rh5 Re6 37. f4 Nc6 38. Nf3 Bb7 39. f5 Re8 40. e5 g6 41. Rxh6 gxf5 42. g5 Nd8 43. g6 Rg7 44. Nh4 Be4 45. Rf1 Ke7 46. Rxf5 Bd3 47. Rfh5 Ne6 48. Rh7 Reg8 49. Rxg7+ Rxg7 50. Rh8 Bxg6 51. Ra8 Bc2 52. Rxa7+ Ke8 53. Ra8+ Kd7 54. Nf3 Nc7 55. e6+ Kxe6 56. Bxg7 Nxa8 57. Nd4+ Kf7 58. Nxc2 Kxg7 59. Kd4 Nc7 60. Ke5 Na6 61. Kd5 Kf7 62. Kc6 Nc5 63. a5 1-0

[Event "Dnipropetrovsk Sinitsin Memorial"]
[White "Olenin, Nikolay"]
[Black "Ni, Viktorija"]
[Site "Dnipropetrovsk"]
[Round "2"]
[Result "1-0"]
[Date "2007.04.??"]
[WhiteElo "2394"]
[BlackElo "2109"]
[PlyCount "111"]
[EventDate "2007.04.??"]
[EventType "tourn"]
[EventRounds "11"]
[EventCountry "UKR"]
[EventCategory "2"]
[SourceTitle "EXT 2010"]
[Source "ChessBase"]
[SourceDate "2010.11.25"]
[SourceVersion "1"]
[SourceVersionDate "2010.11.25"]
[SourceQuality "1"]

1. e4 c5 2. Nf3 e6 3. d4 cxd4 4. Nxd4 a6 5. Nc3 Qc7 6. f4 d6 7. Qf3 Nf6 8. g4 b5 9. g5 Nfd7 10. Be3 Bb7 11. 0-0-0 Nc6 12. Bd3 Nxd4 13. Bxd4 b4 14. Ne2 e5 15. Be3 exf4 16. Bxf4 Ne5 17. Qg3 Rc8 18. Kb1 Nxd3 19. Qxd3 Qc4 20. Ng3 Be7 21. Qxc4 Rxc4 22. b3 Rc5 23. h4 g6 24. Bxd6 Bxd6 25. Rxd6 0-0 26. Rhd1 a5 27. Rd8 Re5 28. Kb2 Bc6 29. a3 Rc5 30. axb4 axb4 31. Rxf8+ Kxf8 32. Rd4 Rc3 33. Nf1 Rf3 34. Nd2 Rf2 35. e5 Re2 36. Nc4 Ke7 37. Na5 Be4 38. Rxb4 Rxc2+ 39. Ka3 Bd5 40. Nc4 Rh2 41. Nb6 Ke6 42. Rd4 Bf3 43. Nc4 Bd5 44. b4 Bxc4 45. Rxc4 Kd5 46. Rc5+ Kd4 47. Rc1 Rxh4 48. b5 Rh3+ 49. Kb4 Rh2 50. Rc7 Kxe5 51. Rxf7 Ke6 52. Rf6+ Kd5 53. b6 Rb2+ 54. Ka5 Kc5 55. Ka6 Ra2+ 56. Kb7 1-0